000 00837nam a2200241Ia 4500
003 OSt
005 20220923211202.0
006 a|||||r|||| 00| 0
007 ta
008 220922b |||||||| |||| 00| 0 pan d
020 _a8189284304 (hbk)
_c150
024 _a243,988
037 _b329, 08/10/2010, H.K. Prakashan
_cTextual
040 _aARTS
_cARTS
_bpan
041 _2pan
_apan
082 _aQ8441:33:g, 153P6
100 _aਰਾਜਬੀਰ ਕੌਰ
_9156278
245 0 _aਬਾਬਰਵਾਣੀ ਅਤੇ ਅਲਾਹਣੀਆਂ
_b ਪਾਠਮੂਲਕ ਵਿFਲੇFਣ
260 _aਅੰਮ੍ਰਿਤਸਰ
_b ਰੂਹੀ
_c2006
300 _a120ਪੰ
_ccm.
942 _hQ8441:33:g, 153P6
_cTEXL
_2CC
999 _c296505
_d296505